<?xml version="1.0" encoding="UTF-8"?><?xml-stylesheet type="text/xsl" href="static/style.xsl"?><OAI-PMH xmlns="http://www.openarchives.org/OAI/2.0/" xmlns:xsi="http://www.w3.org/2001/XMLSchema-instance" xsi:schemaLocation="http://www.openarchives.org/OAI/2.0/ http://www.openarchives.org/OAI/2.0/OAI-PMH.xsd"><responseDate>2026-04-17T12:30:26Z</responseDate><request verb="GetRecord" identifier="oai:www.recercat.cat:2072/448922" metadataPrefix="marc">https://recercat.cat/oai/request</request><GetRecord><record><header><identifier>oai:recercat.cat:2072/448922</identifier><datestamp>2026-02-02T19:42:14Z</datestamp><setSpec>com_2072_98</setSpec><setSpec>col_2072_378194</setSpec></header><metadata><record xmlns="http://www.loc.gov/MARC21/slim" xmlns:dcterms="http://purl.org/dc/terms/" xmlns:xsi="http://www.w3.org/2001/XMLSchema-instance" xmlns:doc="http://www.lyncode.com/xoai" xsi:schemaLocation="http://www.loc.gov/MARC21/slim http://www.loc.gov/standards/marcxml/schema/MARC21slim.xsd">
   <leader>00925njm 22002777a 4500</leader>
   <datafield ind2=" " ind1=" " tag="042">
      <subfield code="a">dc</subfield>
   </datafield>
   <datafield ind2=" " ind1=" " tag="720">
      <subfield code="a">Mota Gorriz, Carmen de la</subfield>
      <subfield code="e">author</subfield>
   </datafield>
   <datafield ind2=" " ind1=" " tag="260">
      <subfield code="c">2007</subfield>
   </datafield>
   <datafield ind2=" " ind1=" " tag="520">
      <subfield code="a">L'elaboració d'un dossier de docència constitueix un acte de reflexió sobre la pròpia metodologia docent. Cada fase per la qual es passa en el procés d'elaboració, des de la selecció de la informació i la classificació de dades fins la verbalització d'una filosofia docent personal i unes metes per al futur, comporta dificultats per al professor que s'hi posa per primer cop. No és estrany que un professor ja hagi pensat detingudament en la seva tasca docent abans de plantejar-se l'elaboració d'un dossier, però l'esforç que suposa tot el procés el porta a plantejar-se noves qüestions i reforça la seva motivació. El present treball recull aquesta experiència. Es presenten els problemes i els avantatges derivats de la confecció d'un dossier de docència en l'àrea de llengua, atenent també al procediment que s'ha seguit per redactar-lo i discutirlo en un grup de treball interuniversitari: la participació en línia de tots els membres del grup i la revisió del dossier electrònic de manera semipresencial amb els tutors i companys.</subfield>
   </datafield>
   <datafield ind2=" " ind1=" " tag="520">
      <subfield code="a">Developing a teaching portfolio constitutes a reflective practice about one's current teaching strategies. Any stage of the elaboration process, from the selection of information and data classification to the verbalización of a personal educational philosophy and a series of goals for the future, poses difficulties to the teacher who is working on the porfolio for the first time. It is not rare that a teacher has already thought at great length about his educational task before considering to prepare a portfolio, but the effort that is put into the task leaves him to consider new questions and reinforces his motivation. The present work gathers this experience. This work focuses on the problems and advantages of preparing a teaching portfolio in the area of language, also taking into account the procedure that has been followed to write it up and to discuss it in an interuniversity workgroup: the participation on line of all the group members and the review of the electronic dossier by the tutors and colleagues in a blended learning environment.</subfield>
   </datafield>
   <datafield tag="653" ind2=" " ind1=" ">
      <subfield code="a">Metodologia docent</subfield>
   </datafield>
   <datafield tag="653" ind2=" " ind1=" ">
      <subfield code="a">Dossier de docència</subfield>
   </datafield>
   <datafield tag="653" ind2=" " ind1=" ">
      <subfield code="a">Portafoli docent</subfield>
   </datafield>
   <datafield tag="653" ind2=" " ind1=" ">
      <subfield code="a">Dossier electrònic</subfield>
   </datafield>
   <datafield tag="653" ind2=" " ind1=" ">
      <subfield code="a">Llengua</subfield>
   </datafield>
   <datafield ind2="0" ind1="0" tag="245">
      <subfield code="a">Reflexions sobre metodologia docent a partir de l'elaboració d'un dossier de docència en l'àrea de llengua espanyola</subfield>
   </datafield>
</record></metadata></record></GetRecord></OAI-PMH>